Dopravný kontakt časopis DPB, a.s.

Bibliographic Details
Previous Title:Bratislavský Dopravár
Format: Journal
Language:Slovak
PhysicalDescription:8 zv. 30 cm
Published: Bratislava Dopravný podnik 2000-2007
Subjects:

MARC

LEADER 00000cas a2200000Ia 4500
001 vtls008157770
003 SK-MaSNL
005 20260425194208.0
008 050601c20002007xo zr|p 0 b0slo
040 |a SNK  |b slo  |c SNK  |e AACR2 
041 0 |a slo 
044 |a xo  |c SK 
072 7 |a 656  |x Doprava  |2 konspekt 
080 |a 656  |2 2011 
080 |a 656:334.716  |2 2011 
080 |a (051)-048.55  |2 2011 
245 0 0 |a Dopravný kontakt  |b časopis DPB, a.s. 
260 |a Bratislava  |b Dopravný podnik  |c 2000-2007 
300 |a 8 zv.  |c 30 cm 
310 |a Nepravidelne 
362 0 |a Roč. 1, č. 1 (okt. 2000) - roč. 9, č. 3 (nov. 2007) 
500 |a Popis podľa: Roč. VI, č. 1 (2004) 
650 0 7 |a doprava  |2 SNKPH  |9 1777 
650 0 7 |a dopravné podniky  |2 SNKPH  |9 22192 
651 7 |a Bratislava (Slovensko)  |2 SNKPH  |9 14568 
655 7 |a špecializované časopisy  |2 SNKPH  |9 70509 
780 0 0 |t Bratislavský Dopravár 
910 |a snk 
999 |c 6641  |d 8571 
952 |t č. 1-5  |a SNK  |b SNK  |y PREZ  |7 0  |p 17A1385471  |o snkČSB 7428/6/2004  |i snk2019/31431  |8 0  |0 0  |1 0  |4 0  |d 2019-12-05  |l 0  |r 2026-02-21 22:15:08  |w 2026-02-21 
952 |t č. 1-4, neúplné  |a SNK  |b SNK  |y PREZ  |7 0  |p 17A1385472  |o snkČSB 7428/7/2005  |i snk2019/31433  |8 0  |z Chýba č. 2  |0 0  |1 0  |4 0  |d 2019-12-05  |l 0  |r 2026-02-21 22:15:08  |w 2026-02-21 
952 |t č. 1-4  |a SNK  |b SNK  |y PREZ  |7 0  |p 17A1385473  |o snkČSB 7428/8/2006  |i snk2019/31435  |8 0  |0 0  |1 0  |4 0  |d 2019-12-05  |l 0  |r 2026-02-21 22:15:08  |w 2026-02-21 
952 |t č. 1-3  |a SNK  |b SNK  |y PREZ  |7 0  |p 17A1385474  |o snkČSB 7428/9/2007  |i snk2019/31436  |8 0  |0 0  |1 0  |4 0  |d 2019-12-05  |l 0  |r 2026-02-21 22:15:08  |w 2026-02-21